Tài liệu luyện thi chứng chỉ quốc gia tiếng Anh - Pretests trình độ A /

Wedi'i Gadw mewn:
Manylion Llyfryddiaeth
Prif Awdur: Nguyễn Trung Tánh
Fformat: Llyfr
Iaith:Vietnamese
Cyhoeddwyd: Hồ Chí Minh : Thành phố Hồ Chí Minh , 1999
Rhifyn:In lần thứ 1
Pynciau:
Tagiau: Ychwanegu Tag
Dim Tagiau, Byddwch y cyntaf i dagio'r cofnod hwn!
Thư viện lưu trữ: Thư viện Trường CĐ Kỹ Thuật Cao Thắng
LEADER 00753nam a2200205 a 4500
001 TVCDKTCT10113
003 Thư viện trường Cao đẳng Kỹ thuật Cao Thắng
005 20080826000000
008 080826
980 \ \ |a Thư viện Trường CĐ Kỹ Thuật Cao Thắng 
024 |a RG_1 #1 eb0 i1 
041 0 # |a vie 
082 # # |a 420 /   |b T103L-n 
100 1 # |a Nguyễn Trung Tánh 
245 0 0 |a Tài liệu luyện thi chứng chỉ quốc gia tiếng Anh - Pretests trình độ A /  |c Nguyễn Trung Tánh 
250 # # |a In lần thứ 1 
260 # # |a Hồ Chí Minh :  |b Thành phố Hồ Chí Minh ,  |c 1999 
300 # # |a 309tr. ;  |c 13cm 
650 # 4 |a Ngôn ngữ --Anh 
650 # 4 |a Pretests trình độ A